| 000 | 00865cab a22001935a 4500 | ||
|---|---|---|---|
| 001 | L147991 | ||
| 008 | 090710e20090703xxkd f 000 0 eng d | ||
| 035 | _a(Sirsi) u147991 | ||
| 041 | 0 | _aeng | |
| 100 | 1 | _aFarmer, Mark | |
| 245 | 0 | 0 | _aLearning curve |
| 260 | _c2009 | ||
| 490 | 0 |
_aProperty Week _v75(27) 3 July 2009, 38(1) |
|
| 520 | _aSuggests that it is time to start thinking about the future residential market after the clear "troughing" of house prices. Believes that housebuilders need to explore ways of protecting themselves from future shocks and to create a clear market identity attractive to new-build buyers. Charts cover the rate of annual house price movement and how modern construction methods save time. | ||
| 590 | _aKA | ||
| 651 | 4 |
_aUnited Kingdom _y |
|
| 690 | _aPROPERTY-RESIDENTIAL PROPERTY-RESIDENTIAL PROPERTY MARKET | ||
| 942 | _n0 | ||
| 999 |
_c81695 _d81695 |
||